| 000 | 00606nam a22002177a 4500 | ||
|---|---|---|---|
| 003 | OSt | ||
| 005 | 20220107122825.0 | ||
| 008 | 170530b xxu||||| |||| 00| 0 eng d | ||
| 020 | _a9788131700440 | ||
| 040 | _cIIITMK | ||
| 082 | _a005.133P BEA/P | ||
| 100 |
_aBeazley, David M. _911695 |
||
| 245 |
_aPython: _bEssential reference _cDavid M. Beazley |
||
| 250 | _a3 | ||
| 260 |
_aNew Delhi, _bDorling Kindersley (India) Pvt. Ltd./Pearson, _c2006. |
||
| 300 | _axiii, 625p. | ||
| 650 |
_aCOMPUTER SCIENCE _911696 |
||
| 650 |
_aPROGRAMMING LANGUAGES _911697 |
||
| 650 |
_aPYTHON _911698 |
||
| 942 |
_2ddc _cBK |
||
| 999 |
_c5597 _d5597 |
||